Online Catalogue and eLibrary

Living with the sphinx (Record no. 742)

MARC details
000 -LEADER
fixed length control field 00483nam a2200181Ia 4500
005 - DATE AND TIME OF LATEST TRANSACTION
control field 20240704055701.0
008 - FIXED-LENGTH DATA ELEMENTS--GENERAL INFORMATION
fixed length control field 240331s9999 xx 000 0 und d
020 ## - INTERNATIONAL STANDARD BOOK NUMBER
ISBN 0704340259
082 ## - DDC Classification
Class No. 155
Item Number - Author Mark ERN
245 #0 - TITLE STATEMENT
Title Living with the sphinx
Remainder of title Papers from the Women's Therapy Centre
260 ## - PUBLICATION, DISTRIBUTION, ETC.
Place of publication, distribution, etc. London
Name of publisher, distributor, etc. The Women's press Limited
Date of publication, distribution, etc. London
300 ## - PHYSICAL DESCRIPTION
Extent (e.g. Volumes, Pages etc.) x, 265 p .,
650 ## - SUBJECT ADDED ENTRY--TOPICAL TERM
Topical term or geographic name entry element Women
650 ## - SUBJECT ADDED ENTRY--TOPICAL TERM
Topical term or geographic name entry element Woman
700 ## - ADDED ENTRY--PERSONAL NAME
Personal name Ernst, Sheila
Relator term (Role) Editor
700 ## - ADDED ENTRY--PERSONAL NAME
Personal name Maguire, Marie
Relator term (Role) Editor
942 ## - Koha item type (Biblio)
Koha item type Books in Stacks (Lending)
Holdings
Lost status Damaged status Collection code Home library Current library Shelving location Date acquired Full call number Accession Number Item type
    Lending WERC Library WERC Library Social Science Cupboard 03/31/2024 155 ERN 3566 Books in Stacks (Lending)

© WERC Library